UBT Library

THE NERVOUS SYSTEM AND ITS DISEASES (Record no. 38823)

000 -LEADER
fixed length control field 00278nam a22001217a 4500
008 - FIXED-LENGTH DATA ELEMENTS--GENERAL INFORMATION
fixed length control field 171207b xxu||||| |||| 00| 0 eng d
041 ## - LANGUAGE CODE
Language code of text/sound track or separate title eng
080 ## - UNIVERSAL DECIMAL CLASSIFICATION NUMBER
Universal Decimal Classification number 616.8
100 ## - Rafti
Rafti 26
101 ## - Shkurtesa
Shkurtesa NEU
245 ## - TITLE STATEMENT
Title THE NERVOUS SYSTEM AND ITS DISEASES
Statement of responsibility, etc MILLS,CH,K
942 ## - ADDED ENTRY ELEMENTS (KOHA)
Source of classification or shelving scheme
Item type Books
Holdings
Withdrawn status Lost status Source of classification or shelving scheme Damaged status Not for loan Collection code Permanent location Current location Shelving location Date acquired Total Checkouts Full call number Date last seen Price effective from Koha item type
          Koleksioni i përgjithshem UBT - Lipjan UBT - Lipjan Koleksioni i përgjithshem 12/07/2017   R 616.8 MIL 12/07/2017 12/07/2017 Reference
UBT Library © 2015-2024. All rights reserved University Education for Business and Technology